Longest WWE Title Reigns - Statistics

General Stats
  • This quiz has been taken 160 times
  • The average score is 6 of 10
Answer Stats
Days Name % Correct
1474 Hulk Hogan
94%
469 Hulk Hogan
94%
2803 Bruno Sammartino
86%
1237 Bruno Sammartino
86%
434 CM Punk
71%
504 Brock Lesnar
61%
684 Bob Backlund
56%
1027 Pedro Morales
49%
396 Adam Cole
4%
406 Shane Douglas
2%
No matching quizzes found
Score Distribution
Percent of People with Each Score
Percentile by Number Answered
Your Score History
You have not taken this quiz